| 000 -LEADER |
| fixed length control field |
00422nam a22001217a 4500 |
| 008 - FIXED-LENGTH DATA ELEMENTS--GENERAL INFORMATION |
| fixed length control field |
260101b ||||| |||| 00| 0 eng d |
| 100 ## - MAIN ENTRY--PERSONAL NAME |
| Personal name |
Prakash, Vinson |
| 245 ## - TITLE STATEMENT |
| Title |
Precursors of the emergency: The sparks that lit the fire |
| 260 ## - PUBLICATION, DISTRIBUTION, ETC. (IMPRINT) |
| Place of publication, distribution, etc |
Common Cause: Policy Oriented Journal Since 1982 |
| 300 ## - PHYSICAL DESCRIPTION |
| Extent |
44(3), Jul-Sep, 2025: p.23-29 |
| 773 ## - HOST ITEM ENTRY |
| Main entry heading |
Common Cause: Policy Oriented Journal Since 1982 |
| 942 ## - ADDED ENTRY ELEMENTS (KOHA) |
| Item type |
Articles |